Cây quả cây thuốc

Giới thiệu một số loại cây quả, cây thuốc đồng thời hướng dẫn cách trồng, cách dùng, thu hái, chế biến, công dụng và các bài thuốc ứng dụng cụ thể

Zapisane w:
Opis bibliograficzny
1. autor: Nguyễn Đức Đoàn (Chủ biên)
Kolejni autorzy: Tô Văn Nai, Nguyễn Đình Cẩm, Lê Thị Cảnh Khuê, Tô Văn Sáng
Format: Książka
Język:Vietnamese
Wydane: H. Y học 2005
Wydanie:Tái bản lần thứ 5, có sửa chữa
Etykiety: Dodaj etykietę
Nie ma etykietki, Dołącz pierwszą etykiete!
Thư viện lưu trữ: Thư viện Trường Đại học Nam Cần Thơ
LEADER 01851aam a22003018a 4500
001 NCT_9478
008 050704s2005 ||||||viesd
999 |c 468  |d 468 
020 |c 11000 
082 0 4 |2 23rd ed.  |a 615.32  |b C126 
100 1 |a Nguyễn Đức Đoàn  |e Chủ biên 
245 1 0 |a Cây quả cây thuốc  |c Chủ biên: Nguyễn Đức Đoàn, Phạm Hưng Cảnh 
250 |a Tái bản lần thứ 5, có sửa chữa 
260 |a H.  |b Y học  |c 2005 
300 |a 75tr.  |b ảnh  |c 19cm 
500 |a ĐTTS ghi: Bộ Y tế. Vụ Y học Cổ truyền 
520 3 |a Giới thiệu một số loại cây quả, cây thuốc đồng thời hướng dẫn cách trồng, cách dùng, thu hái, chế biến, công dụng và các bài thuốc ứng dụng cụ thể 
700 0 |a Tô Văn Nai 
700 0 |a Nguyễn Đình Cẩm 
700 0 |a Lê Thị Cảnh Khuê 
700 0 |a Tô Văn Sáng 
942 |2 ddc  |c BK 
952 |0 0  |1 0  |2 ddc  |4 0  |6 615_320000000000000_C126  |7 0  |9 3196  |a 000001  |b 000001  |d 2017-11-10  |o 615.32 C126  |p MD.08999  |r 2017-11-10  |v 11000.00  |w 2017-11-10  |y BK 
952 |0 0  |1 0  |2 ddc  |4 0  |6 615_320000000000000_C126  |7 0  |9 3197  |a 000001  |b 000001  |d 2017-11-10  |o 615.32 C126  |p MD.04642  |r 2017-11-10  |v 11000.00  |w 2017-11-10  |y BK 
952 |0 0  |1 0  |2 ddc  |4 0  |6 615_320000000000000_C126  |7 0  |9 3198  |a 000001  |b 000001  |d 2017-11-10  |l 3  |o 615.32 C126  |p MD.04643  |r 2020-12-03  |s 2020-11-19  |v 11000.00  |w 2017-11-10  |y BK 
952 |0 0  |1 0  |2 ddc  |4 0  |6 615_320000000000000_C126  |7 0  |9 3199  |a 000001  |b 000001  |d 2017-11-10  |o 615.32 C126  |p MD.04644  |r 2017-11-10  |v 11000.00  |w 2017-11-10  |y BK 
952 |0 0  |1 0  |2 ddc  |4 0  |6 615_320000000000000_C126  |7 0  |9 19638  |a 000001  |b 000001  |d 2020-05-28  |o 615.32 C126  |p MD.17193  |r 2020-05-28  |v 11000.00  |w 2020-05-28  |y BK 
980 |a Thư viện Trường Đại học Nam Cần Thơ